Les grandes figures du féminisme - Statistiques

Statistiques générales
  • Ce quiz a été pris 215 fois
  • Le résultat moyen est 6 sur 15
Statistiques - réponses
Description/indices Féministe à trouver % Correct
Née en 1927, issue d'une famille juive, a grandi à Nice, elle devient Ministre de la Santé et est à l'origine d'une loi qui permet aux femmes d'avorter librement et en toute légalité. Elle fut célébrée au cinéma en 2022 en étant incarnée par Elsa Zylberstein ainsi que Rebecca Marder Simone Veil
98%
Autrice contemporaine à l'origine de la citation "On ne naît pas femme, on le devient.", elle est également à l'origine de la revue de presse Les Temps Modernes, qu'elle a fondé avec ses amis intellectuels. Elle est aussi célèbre pour sa relation avec un écrivain de son époque, le maître français de l'existentialisme. Simone de Beauvoir
82%
Femme érudite ayant connue la Révolution Française de 1789, elle écrit une charte similaire à une "déclaration" prononcée sur un terrain de jeu de paume, charte qui sera complètement éclipsée par le grand public. Pour avoir écrit ce livre dans lequel elle revendiquait ses droits, elle sera condamnée à l'échafaud le 3 novembre 1793. Olympe de Gouges
71%
Militante Afro Américaine pour les droits des personnes noires américaines, elle est surtout connue pour son acte de protestation pacifiste en s'asseyant dans une place de bus "réservée" aux blancs, en pleine période ségrégationniste. Ce geste a laissé supposé certains que c'est la "mère du mouvement des droits civiques". Rosa Parks
66%
Issue d'une famille tunisienne, fait des études de droit, défend Marie-Claire Chevalier lors du célèbre procès de Bobigny, c'est la première à criminaliser le viol. A partir des années 1950, elle prend partie des militants de l'indépendance de l'Algérie, en particulier des membres du FLN. Seule avocate signataire du manifeste des 343 en 1971. Gisèle Halimi
64%
Militante Afro Américaine très impliquée dans le monde universitaire, elle fut membre des Black Panthers et le parti communiste dans sa jeunesse. Cet activisme est en grande partie de l'éducation qu'elle a reçue dans l'un des Etats les plus ségrégationnistes à l'époque, l'Alabama. Son ouvrage "Are Prisons Obsolete ?" a gagné un regain de popularité lors du mouvement Black Lives Matters au cours de l'année 2020. Angela Davis
31%
Militante pakistanaise, elle s'est battue pour que les filles de son pays aient droit à une éducation décente, ce qui lui a valu le Prix Nobel de la paix en 2014, à 17 ans seulement, ce qui fait d'elle la plus jeune lauréate de ce prix. Son militantisme lui permet de dénoncer l'oppression qu'exercent les Talibans. Malala Yousafzai
29%
Autrice et réalisatrice originaire de Téhéran, elle se bat contre la dictature iranienne, qu'elle raconte dans une BD qui sera adaptée en film qui sort dans les salles françaises le 27 juin 2007. Cette BD raconte entre autre une culture de l'anti impérialisme et de l'oppression qu'exerce le gouvernement sur les femmes. Marjane Satrapi
26%
Autrice canadienne dont le roman le plus célèbre est une dystopie féministe dans laquelle les femmes sont hiérarchisées selon leurs capacités à tomber enceintes, elle possède d'autres cordes à son arc, en étant activiste, inventrice mais aussi conférencière. Conférences durant lesquelles elle aborde des sujets liés au féminisme, au pouvoir et à l'environnement. Margaret Atwood
23%
Née à Bruxelles d'une famille d'origine française, elle part pour le pays de l'Oncle Sam en 1939, et obtient la nationalité américaine 10 ans plus tard. Poète, essayiste, traductrice et critique littéraire, elle devient la première femme à être élue à la prestigieuse Académie Française en 1980. C'est également une partisante de la "fraternité humaine". Marguerite Yourcenar
23%
Journaliste et militante féministe ainsi que pour les droits LGBT, française, elle est la cofondatrice de la Conférence européenne lesbienne et de l'Association des journalistes LGBT. Elue écologiste au Conseil de Paris depuis 2020, elle prend position contre l'écrivain pédophile Gabriel Matzneff. Elle est également l'autrice du livre intitulé "Le Génie lesbien". Alice Coffin
17%
Née à Venise en 1364, elle est considérée comme la première écrivaine francophone à vivre de ses écrits. Autrice de La Cité des Dames qu'elle écrit et publie en 1405, ce livre est considéré comme l'un des premiers ouvrages féministes. Christine de Pizan
11%
Femme noire transgenre américaine, il s'agit d'une militante pour la libération des homosexuels ainsi que de la lutte contre le sida. C'est également l'une des membres fondatrices du Front de Libération Gay ainsi que le visage le plus célèbre des émeutes de Stonewall de 1969. Marsha P. Johnson
9%
Militante féministe anglaise, elle fonde avec ses filles la WSPU, un groupe militant de suffragettes, afin de donner le droit de vote aux femmes. Elle est connue pour avoir des idées aussi percutantes que son slogan "Des actes, pas des mots." Emmeline Pankhurst
7%
Avocate et juriste américaine, il s'agit de la deuxième femme à être nommée à la plus distinction fédérale américaine, notamment en ayant été membre de la Cour Suprême pendant 7 ans, de 1993 à 2000. Militante très engagée pour les droits des femmes, des minorités et de l'environnement. Ruth Bader Ginsburg
7%
Aucun quiz correspondant
Distribution des résultats
% des personnes avec chaque résultat
Percentile par nombre de réponses
Votre historique - résultats
Vous n’avez pas pris ce quiz